| 000 | 00670nam a2200193Ia 4500 | ||
|---|---|---|---|
| 008 | 151121s9999||||xx |||||||||||||| ||und|| | ||
| 082 | _a836/ वाजपे | ||
| 082 | _bHNW-77813 | ||
| 100 | _aवाजपेयी अटलबिहारी | ||
| 245 | _aसेक्यूलरवाद | ||
| 260 | _b"दिनदयाल उपाध्याय, दिल्ली।" | ||
| 260 | _c-- | ||
| 300 | _a33 | ||
| 600 | _aवाजपेयी अटलबिहारी | ||
| 630 | _aसेक्यूलरवाद | ||
| 700 | _aवाजपेयी अटलबिहारी | ||
| 730 | _aसेक्यूलरवाद | ||
| 942 | _cBOOK | ||
| 999 |
_c1259220 _d1259217 |
||